000 00900nas a2200289 4500
001 BR9505168
003 BR-BrBNA
005 20231205094208.0
007 ta
008 230509b bl.|||p| |||| 00| 00por d
040 _aBR-BrBNA
_bpor
_cBiblioteca Nacional de Agricultura
041 _a(Pt)
072 _aF62
100 1 _aCardoso, E.L.
100 1 _aAlvarenga, G.
100 1 _aCarvalho, M.M. de
100 1 _aCarvalho, J.G. de
245 1 _aEfeito de doses de superfosfato simples, em substrato, sobre o desenvolvimento de mudas de cafeeiro (Coffea arabica L.)"Mundo Novo" e "Catuai"
650 _aCafe
650 _aMuda
650 _aFosfato
650 _aCrescimento
650 _aSuperfosfato Simples
773 0 _tCiencia e Pratica (Brazil)
_xISSN 0100-3267
_g(Jan-Mar 1992), v. 16(1) p. 35-38
_wBR9505168
909 _a202311
_bLúcia
_c55
_dLúcia Elande
942 _2AGRIS
_n0
_cANA
999 _c142703
_d142703